000 00499nam a2200169Ia 4500
999 _c27575
_d27575
003 OSt
005 20260305114709.0
008 190216s9999||||xx |||||||||||||| ||und||
040 _coclc
082 _a894.8123
_bNAI/R
100 1 _aVāsudēvan Nāyar, Eṃ. Ti.,
_d1933-
_99426
245 0 _aRandaamoozham /
_cM T Vasudevan Nair
260 _bCurrent Books,
_aThrissur:
_c1996.
300 _a300p
650 _aMalayalam
942 _cBK
_2ddc
_h894.8123
_iNAI/R
_k894.8123
_mNAI/R